书目信息 |
| 题名: |
亚非人民反帝大团结万岁
|
|
| 作者: | ;人民出版社 编辑 | |
| 分册: | ||
| 出版信息: | 北京 人民出版社 1964 |
|
| 页数: | 394页 | |
| 开本: | 21cm | |
| 丛书名: | ||
| 单 册: | ||
| 中图分类: | D822.3 | |
| 科图分类: | ||
| 主题词: | 中外关系--友好往来--文集 | |
| 电子资源: | ||
| ISBN: | 3001.827 | |
| 000 | 00819nam0 2200241 450 | |
| 001 | 0105495951 | |
| 005 | 20070924104353.0 | |
| 010 | @a3001.827@dCNY0.98 | |
| 091 | @a3001.827@dCNY0.98 | |
| 100 | @a19960320d1964 em y0chiy0110 ea | |
| 101 | 0 | @achi |
| 102 | @aCN@b110000 | |
| 105 | @ay z 000yy | |
| 106 | @ar | |
| 200 | 1 | @a亚非人民反帝大团结万岁@9Ya Fei Ren Min Fan Di Da;Dai Tuan Jie Wan;Mo Sui @e我国领导人访问亚非十三国文件集@f人民出版社编辑@b专著 |
| 210 | @a北京@c人民出版社@d1964 | |
| 215 | @a394页@d21cm | |
| 517 | 1 | @a我国领导人访问亚非十三国文件集@9wo guo ling dao ren fang wen ya fei shi san guo wen jian ji |
| 606 | 0 | @a中外关系@x友好往来@x文集 |
| 690 | @aD822.3@v3 | |
| 711 | 02 | @a人民出版社@9ren min chu ban she@4编辑 |
| 801 | 0 | @aCN@b上海图书馆@c19970403 |
| 905 | @aBZT@dD822.3@e1@f1@sD822.3/1 | |
| 亚非人民反帝大团结万岁:我国领导人访问亚非十三国文件集/人民出版社编辑.-北京:人民出版社,1964 |
| 394页;21cm |
| ISBN 3001.827:CNY0.98 |
| ● |
| 相关链接 |
|
|
|
正题名:亚非人民反帝大团结万岁
索取号:D822.3/1
 
预约/预借
| 序号 | 登录号 | 条形码 | 馆藏地/架位号 | 状态 | 备注 |
| 1 | 2000077334 | 2000077334 | 旧书回溯/ [索取号:D822.3/1] | 在馆 |